El reto de innovacin̤ abierta como instrumento pb︢lico para desarrollar nuevas soluciones TIC en territorios mediterrǹeos

Detalles Bibliográficos
Autor principal: Gonzl̀ez de Uą, Ovidio J.
Formato: eBook
Lenguaje:español
Publicado: Madrid: Instituto Nacional de Administracin̤ Pb︢lica (INAP), 2020
Materias:
Acceso en línea:Acceso restringido

MARC

LEADER 00000nam a22000007a 4500
005 20200821225915.0
007 cr|||| ||||
008 200821s2020 es |||||s|||| 00||0 spa d
020 |a 978-84-7351-695-2 
035 |a 32077 
040 |a vLex 
090 |c 10730  |d 10730 
100 1 |a Gonzl̀ez de Uą, Ovidio J. 
245 1 2 |a El reto de innovacin̤ abierta como instrumento pb︢lico para desarrollar nuevas soluciones TIC en territorios mediterrǹeos  |h [Recurso electrn̤ico] /  |c Ovidio J. Gonzl̀ez de Uą 
256 |a Servicio en ln̕ea 
260 |a Madrid:  |b Instituto Nacional de Administracin̤ Pb︢lica (INAP),  |c 2020 
300 |a 1 recurso electrn̤ico 
506 1 |a Disponible solo en los productos indicados  |d vLex Global  |d vLex Global (Academic Edition, excluding Law Schools)  |d vLex Global (U.S. Academic Edition, Law Schools)  |d vLex Global (U.S. Academic Edition, excluding Law Schools)  |d vLex Global (Academic Edition, Law Schools) 
650 0 4 |a Derecho Pb︢lico y Administrativo  |z Espaą 
650 0 4 |a Derecho de las Nuevas Tecnologa̕s  |z Espaą 
740 0 |a vLex Libros (Servicio en ln̕ea) 
856 4 0 |u http://vlex.com/source/reto-innovacion-abierta-instrumento-publico-desarrollar-nuevas-soluciones-tic-territorios-mediterraneos-32077  |z Acceso restringido 
942 |c BOOK 
999 0 |a Public and Administrative Law 
999 0 |a New Technologies Law